000 00592nam a22001937a 4500
005 20140505103145.0
010 _aENG-109611
020 _c295.00
_a9788189941567
035 _aEN-93144
037 _bDBAD/PUB
082 _a576
245 _aMicrobiology :
_cby A. Mani...[et al]
_bgeneral and applied /
260 _bSaras Publication
_c2013
_aNagercoil
270 _bNagercoil
_e629002
_a114/35G, A. R. P. Camp Road, Periavilai, Kottar P. O.,
300 _axv,757p.
_c22cm(pbk)
500 _aIncludes index
700 _aMani,A.
942 _2ddc
_cEN
_mMIC
_h576
999 _c83150
_d83150